| 000 | 00337cam a2200133ua 4500 | ||
|---|---|---|---|
| 020 | _a9780070667181 | ||
| 082 |
_a664 _bFRA/FO |
||
| 100 |
_aFrazier, William C . _9109 |
||
| 245 | _aFood Microbiology / | ||
| 250 | _a4 / 5 | ||
| 260 |
_aNew Delhi : _bTata Mc-Graw Hill Publishing Company , _c1997. |
||
| 300 | _a540 ; .492 | ||
| 942 | _cBK | ||
| 999 |
_c4839 _d4839 |
||